000 00615nam a2200181 a 4500
001 000039132
005 20201002031518.0
008 130527s2013 dr a 000 0 spa d
020 _a9789945165449
040 _aDO-SdBNP
_bspa
_cBNPHU
100 1 _aCamilo, Antonio Manuel
_99259
245 1 0 _aMonumento al divino niño :
_bmi legado a Constanza /
_cAntonio Manuel Camilo.
260 _aSanto Domingo :
_bBúho,
_c2013.
300 _a160 p. :
_bils. ;
_c24 cm.
500 _aIncluye índice onomástico
500 _aIncluye datos biográficos del autor en la solapa
500 _aIncluye notas al pie de las páginas
999 _c38622
_d38622